Абверийн тагнуул (Бичлэгийн дугаар. 52646)

MARC дэлгэрэнгүй
000 -Удирдлага
Ном зүйн бүртгэл тоо буюу кодлох утгыг агуулсан 00966 a2200229 4500
003 - ХЯНАЛТЫН ТОО ТОДОРХОЙЛОГЧ
Код MN-UlNLM
005 - ХАМГИЙН СҮҮЛИЙН ҮЕИЙН ХЭЛЦЛИЙН ОГНОО БА ЦАГ
Тухайн бичилтийг бичсэн засварласан сүүлийн огноо. 20230413143410.0
008 - ЕРӨНХИЙ МЭДЭЭЛЭЛ-ЭЛЕМЕНТҮҮДИЙН ӨГӨГДЛИЙН УРТ
fixed length control field a130s1978 mp ||||| |||| 00|mon d
040 ## - ЭХ СУРВАЛЖИЙГ ТОДОРХОЙЛОН БИЧИХ
Анхны каталогийн байгууллага MN-UlNLM
041 ## - ХЭЛНИЙ КОД
Текстийн хэлний код/фонограм буюу салангид гарчиг Монгол
084 ## - БУСАД АНГИЛЛЫН ДУГААР
Анги 89Орос
Ангиллын нэр Аравтын ангилал
Зохиогчийн 3-н тэмдэгт А 132.5
Шинжлэх ухааны мэдлэгийн салбар Уран зохиол - 84
245 00 - ҮНДСЭН ГАРЧИГ
Гарчиг Абверийн тагнуул
Гарчигт хамааралтай мэдээ Туужууд
Оролцогчдын тухай мэдээ Орч. Д. Базарваань
-- Ред. А. Бямбаноров
250 ## - ХЭВЛЭЛТИЙН ТУХАЙ МЭДЭЭ
Дахин хэвлэлтийн мэдээ 1
260 1# - ГАРАЛТЫН ТУХАЙ МЭДЭЭ
Хэвлэгдсэн он 1978
Хэвлэгдсэн газар М
Хэвлэлийн газар Прогресс
300 ## - ТООНЫ МЭДЭЭ
Хуудасны тоо 624 хуудастай
546 ## - ХЭЛНИЙ ТУХАЙ МЭДЭЭ
Хэл
653 ## - ТҮЛХҮҮР ҮГС
Түлхүүр үг Уран зохиол
740 ## - НОМЫН АГУУЛГЫН ГАРЧИГ
Номын гарчгууд В.Владимиров, Л.Суслов. Абверийн тагнуул.
-- А.Зубов, Л.Леров, А.Сергеев. Чекистүүдэд тохиолдсон явдал.
-- Тавин мөрийн нууц.
-- "ДОБ-1- ийн хэрэг"
-- А.Вайнер, В.Вайнер. Орчлон хорвоод амьд явахын учир.
856 ## - ЭЛЕКТРОН БАЙРЛАЛ БА ХОЛБООС
Төрөл Хэвлэмэл ном
942 ## - ЭЛЕМЕНТИЙН ТӨРӨЛ
Төрөл Ном
Захиалгууд
Буцаан татагдсан төлөв Хасагдсан шалтгаан Гэмтсэн төлөв Данс заагч Захиалах боломжгүй Үндсэн номын сан Одоогийн байршил Салбар танхим Сан хөмрөг 5 Бүртгэсэн огноо Тавиурын заалт Баркод Үнэ Хамгийн сүүлд байсан огноо Нийт уншлаганд гарсан тоо Хамгийн сүүлд уншлаганд гарсан огноо Төрөл Бүрдүүлэлтийн эх үүсвэр Уншигчдад зориулсан мэдээлэл
          МУҮНомын сан салбар МУҮНомын сан салбар МУҮНС салбар | Язгуур танхим 8 давхар   2021-09-02 167804 00167804 16.70 2021-09-02 1 2017-11-30 Ном    
          МУҮНомын сан салбар МУҮНомын сан салбар МУҮНС салбар | Язгуур танхим 8 давхар   2021-09-02 167805 00167805 16.70 2021-09-02     Ном    
          МУҮНомын сан салбар МУҮНомын сан салбар МУҮНС салбар | Язгуур танхим 8 давхар   2021-09-02 167801 00167801 16.70 2022-04-24     Ном    
          МУҮНомын сан салбар МУҮНомын сан салбар МУҮНС салбар | Цахим танхим 3 давхар МУҮНС салбар | Цахим танхим 3 давхар 2022-03-01 1300 000911001300 5240.00 2022-03-01     Цахим материал Төлбөрт Киндлээр уншина
          МУҮндэсний Номын сан МУҮндэсний Номын сан МУҮНС төв | Ойр фонд МУҮНС төв | Ойр фонд 2021-09-24 167806 00167806 16.70 2022-12-10 1 2022-12-10 Ном